[Event "Titled Tuesday intern op 19th Dec Early"]
[Site "Chess.com INT"]
[Date "2023.12.19"]
[Round "1"]
[White "Goltseva, Ekaterina"]
[Black "Levine, David M"]
[Result "1-0"]
[WhiteElo "2331"]
[BlackElo "2040"]
[PlyCount "77"]
[EventDate "2023.12.19"]
[EventType "swiss (blitz)"]
[EventRounds "11"]
[EventCountry "USA"]
[SourceTitle "CB52_2023"]
[SourceDate "2023.12.27"]
[SourceVersion "1"]
[SourceVersionDate "2023.12.27"]
[SourceQuality "1"]

1. Nf3 d5 2. d4 Nf6 3. c4 dxc4 4. e3 e6 5. Bxc4 a6 6. 0-0 b5 7. Bd3 Bb7 8. a4 b4 9. Qe2 Nbd7 10. e4 c5 11. Rd1 cxd4 12. Nxd4 Be7 13. e5 Nd5 14. Qg4 Kf8 15. Qe2 Qc7 16. Nf3 g5 17. Bxg5 Bxg5 18. Nxg5 Qxe5 19. Qh5 Qg7 20. g3 N7f6 21. Qh4 h6 22. Ne4 Nxe4 23. Bxe4 Qg5 24. Qxg5 hxg5 25. Nd2 Ke7 26. Nc4 Rad8 27. Na5 Ba8 28. Rac1 Rc8 29. Bg2 Rhd8 30. Bf1 Rxc1 31. Rxc1 Nb6 32. b3 Bd5 33. Nc6+ Bxc6 34. Rxc6 Nd5 35. Rxa6 Rc8 36. Ra7+ Kf6 37. a5 Rc3 38. Bc4 Nb6 39. axb6 1-0

[Event "Titled Tuesday intern op 19th Dec Early"]
[Site "Chess.com INT"]
[Date "2023.12.19"]
[Round "2"]
[White "Levine, David M"]
[Black "Dwilewicz, Katarzyna"]
[Result "0-1"]
[WhiteElo "2040"]
[BlackElo "2112"]
[PlyCount "96"]
[EventDate "2023.12.19"]
[EventType "swiss (blitz)"]
[EventRounds "11"]
[EventCountry "USA"]
[SourceTitle "CB52_2023"]
[SourceDate "2023.12.27"]
[SourceVersion "1"]
[SourceVersionDate "2023.12.27"]
[SourceQuality "1"]

1. d4 g6 2. Nf3 Bg7 3. g3 d6 4. c4 Nd7 5. Bg2 e5 6. Nc3 Ne7 7. h4 h5 8. dxe5 Nxe5 9. Nxe5 Bxe5 10. Bg5 c6 11. Qd2 0-0 12. 0-0 Be6 13. b3 f6 14. Bf4 Bxf4 15. Qxf4 Qc7 16. Rfd1 Rad8 17. c5 Nd5 18. Nxd5 cxd5 19. Rac1 Qc6 20. cxd6 Qxd6 21. Rc7 Rf7 22. Rdc1 Qxf4 23. gxf4 Rdd7 24. Rxd7 Rxd7 25. e3 Kf7 26. Rc8 Ke7 27. Kf1 Kd6 28. Ke2 Re7 29. Rf8 Rf7 30. Rxf7 Bxf7 31. Kd3 Kc5 32. a3 a5 33. Kc3 b6 34. b4+ Kd6 35. Kd4 Kc6 36. Bf1 Kd6 37. Bd3 Be8 38. f5 g5 39. hxg5 fxg5 40. Bf1 g4 41. Bg2 Bf7 42. f3 g3 43. e4 h4 44. e5+ Ke7 45. Bh3 Bh5 46. f6+ Kf7 47. Bg2 Bg6 48. Kxd5 Bf5 0-1

[Event "Titled Tuesday intern op 24th Oct Late"]
[Site "Chess.com INT"]
[Date "2023.10.24"]
[Round "2"]
[White "Mazurkiewicz, Michal"]
[Black "Levine, David M"]
[Result "1-0"]
[WhiteElo "2145"]
[BlackElo "2040"]
[PlyCount "31"]
[EventDate "2023.10.24"]
[EventType "swiss (blitz)"]
[EventRounds "11"]
[EventCountry "USA"]
[SourceTitle "Mega2024 Update 01"]
[Source "Chessbase"]
[SourceDate "2023.11.12"]
[SourceVersion "1"]
[SourceVersionDate "2023.11.12"]
[SourceQuality "1"]

1. e4 e5 2. Nf3 Nc6 3. Bb5 a6 4. Bxc6 dxc6 5. 0-0 Bg4 6. h3 h5 7. d3 Qf6 8. Nbd2 Ne7 9. Re1 Ng6 10. d4 Bxf3 11. Nxf3 exd4 12. e5 Qd8 13. e6 c5 14. exf7+ Kxf7 15. Qd3 Qf6 16. Qc4+ 1-0

[Event "Titled Tuesday intern op 19th Sep Late"]
[Site "Chess.com INT"]
[Date "2023.09.19"]
[Round "6"]
[White "Bazzano, Sebastian"]
[Black "Levine, David M"]
[Result "0-1"]
[WhiteElo "2288"]
[BlackElo "2040"]
[PlyCount "66"]
[EventDate "2023.09.19"]
[EventType "swiss (blitz)"]
[EventRounds "11"]
[EventCountry "USA"]
[SourceTitle "EXT 2024"]
[Source "ChessBase"]
[SourceDate "2023.10.10"]
[SourceVersion "1"]
[SourceVersionDate "2023.10.10"]
[SourceQuality "1"]

1. d4 d5 2. Bf4 c5 3. e4 dxe4 4. d5 Nf6 5. Nc3 Bg4 6. Be2 Bxe2 7. Qxe2 Nbd7 8. 0-0-0 Qa5 9. f3 g6 10. fxe4 Bg7 11. Nf3 0-0 12. e5 Ne8 13. e6 Nb6 14. Bd2 f5 15. Ne5 Bxe5 16. Qxe5 Nc4 17. Qf4 Nxd2 18. Rxd2 Nd6 19. h4 Qb4 20. Qg5 Qg4 21. Qxg4 fxg4 22. Re2 Rf5 23. b3 b5 24. Rd1 a5 25. Ne4 Re5 26. Ng3 Rxe2 27. Nxe2 Rf8 28. g3 Rf5 29. c3 Re5 30. Nf4 Re3 31. Kd2 Rxg3 32. a4 Rf3 33. Nd3 bxa4 0-1

[Event "Titled Tuesday intern op 05th Sep Early"]
[Site "Chess.com INT"]
[Date "2023.09.05"]
[Round "1"]
[White "Domingo Nunez, Alejandro"]
[Black "Levine, David M"]
[Result "0-1"]
[WhiteElo "2313"]
[BlackElo "2040"]
[PlyCount "56"]
[EventDate "2023.09.05"]
[EventType "swiss (blitz)"]
[EventRounds "11"]
[EventCountry "USA"]
[SourceTitle "EXT 2024"]
[Source "ChessBase"]
[SourceDate "2023.10.10"]
[SourceVersion "1"]
[SourceVersionDate "2023.10.10"]
[SourceQuality "1"]

1. Nf3 d5 2. g3 Nf6 3. Bg2 e6 4. 0-0 Be7 5. c4 0-0 6. b3 c5 7. cxd5 Nxd5 8. d4 Nc6 9. Bb2 Bf6 10. e4 Nc7 11. e5 Be7 12. dxc5 Bxc5 13. Nbd2 Nd5 14. Ne4 Be7 15. a3 b6 16. Rc1 Bb7 17. Qe2 Qd7 18. Rfd1 Rfd8 19. b4 Qe8 20. h4 h6 21. Nd6 Bxd6 22. exd6 Rxd6 23. b5 Nce7 24. Qe5 Nf5 25. g4 f6 26. Qh2 e5 27. gxf5 Rad8 28. a4 Qh5 0-1

[Event "Titled Tuesday intern op 29th Aug Late"]
[Site "Chess.com INT"]
[Date "2023.08.29"]
[Round "3"]
[White "Levine, David M"]
[Black "Brahami, Lamine"]
[Result "0-1"]
[WhiteElo "2040"]
[BlackElo "2178"]
[PlyCount "66"]
[EventDate "2023.08.29"]
[EventType "swiss (blitz)"]
[EventRounds "11"]
[EventCountry "USA"]
[SourceTitle "EXT 2024"]
[Source "ChessBase"]
[SourceDate "2023.10.10"]
[SourceVersion "1"]
[SourceVersionDate "2023.10.10"]
[SourceQuality "1"]

1. d4 Nf6 2. c4 g6 3. g3 Bg7 4. Bg2 0-0 5. Nf3 d6 6. 0-0 Nbd7 7. Nc3 c5 8. e4 cxd4 9. Nxd4 Ne5 10. b3 Bd7 11. Bb2 a6 12. h3 Nc6 13. Nde2 Rb8 14. Nf4 b5 15. cxb5 axb5 16. Qe2 b4 17. Ncd5 Ne5 18. Rfd1 Bb5 19. Qe3 Nxd5 20. Nxd5 Bc6 21. Bd4 Bxd5 22. exd5 Bf6 23. Rac1 Ra8 24. Rc2 Qa5 25. f4 Nd7 26. Bxf6 exf6 27. Qe7 Rfd8 28. Qxd6 Kg7 29. Qe7 Nf8 30. Qe2 Re8 31. Qf2 Rad8 32. Kh2 h5 33. Rcd2 h4 0-1

[Event "Titled Tuesday intern op 29th Aug Early"]
[Site "Chess.com INT"]
[Date "2023.08.29"]
[Round "4"]
[White "Mompel Ferruz, Xavier"]
[Black "Levine, David M"]
[Result "1-0"]
[WhiteElo "2156"]
[BlackElo "2040"]
[PlyCount "45"]
[EventDate "2023.08.29"]
[EventType "swiss (blitz)"]
[EventRounds "11"]
[EventCountry "USA"]
[SourceTitle "EXT 2024"]
[Source "ChessBase"]
[SourceDate "2023.10.10"]
[SourceVersion "1"]
[SourceVersionDate "2023.10.10"]
[SourceQuality "1"]

1. e4 e5 2. Nf3 Nc6 3. Bb5 a6 4. Ba4 Nf6 5. 0-0 Be7 6. Re1 b5 7. Bb3 d6 8. a4 Bg4 9. c3 0-0 10. d3 b4 11. Bd2 a5 12. h3 Be6 13. Bxe6 fxe6 14. Qb3 Qd7 15. d4 exd4 16. cxd4 d5 17. exd5 exd5 18. Bg5 h6 19. Bh4 g5 20. Bg3 Nh5 21. Ne5 Nxd4 22. Qd3 Nf5 23. Nxd7 1-0

[Event "Titled Tuesday intern op 01st Aug Early"]
[Site "Chess.com INT"]
[Date "2023.08.01"]
[Round "8"]
[White "Goswami, Vedant"]
[Black "Levine, David M"]
[Result "1/2-1/2"]
[WhiteElo "2034"]
[BlackElo "2040"]
[PlyCount "66"]
[EventDate "2023.08.01"]
[EventType "swiss (blitz)"]
[EventRounds "11"]
[EventCountry "USA"]
[SourceTitle "EXT 2024"]
[Source "ChessBase"]
[SourceDate "2023.10.10"]
[SourceVersion "1"]
[SourceVersionDate "2023.10.10"]
[SourceQuality "1"]

1. b3 Nf6 2. Bb2 d5 3. Nf3 Bg4 4. Ne5 Bh5 5. h3 Nbd7 6. g4 Nxe5 7. Bxe5 Bg6 8. d3 e6 9. Nd2 a5 10. a4 Bb4 11. c3 Bd6 12. Nf3 Bxe5 13. Nxe5 Qd6 14. d4 Nd7 15. Nxd7 Qxd7 16. Bg2 h5 17. Qd2 hxg4 18. hxg4 Rxh1+ 19. Bxh1 Qd6 20. f4 0-0-0 21. Bf3 Rh8 22. Kf2 Be4 23. Qe3 Bxf3 24. Qxf3 Qe7 25. Rh1 Rxh1 26. Qxh1 Qf6 27. e3 Qg6 28. Qh5 Qc2+ 29. Kf3 Qd1+ 30. Kf2 Qd2+ 31. Kf3 Qd1+ 32. Kf2 Qd2+ 33. Kf3 Qd1+ 1/2-1/2

[Event "Titled Tuesday intern op 01st Aug Early"]
[Site "Chess.com INT"]
[Date "2023.08.01"]
[Round "5"]
[White "Rodriguez Santiago, Jaime"]
[Black "Levine, David M"]
[Result "1/2-1/2"]
[WhiteElo "2020"]
[BlackElo "2040"]
[PlyCount "81"]
[EventDate "2023.08.01"]
[EventType "swiss (blitz)"]
[EventRounds "11"]
[EventCountry "USA"]
[SourceTitle "EXT 2024"]
[Source "ChessBase"]
[SourceDate "2023.10.10"]
[SourceVersion "1"]
[SourceVersionDate "2023.10.10"]
[SourceQuality "1"]

1. c4 e6 2. Nf3 Nf6 3. g3 d5 4. Bg2 Be7 5. 0-0 0-0 6. b3 c5 7. Bb2 Nc6 8. e3 b6 9. Qe2 Ba6 10. d3 Rc8 11. Nc3 Qc7 12. Rad1 Rfd8 13. Ne1 h6 14. f4 d4 15. Ne4 dxe3 16. Nxf6+ Bxf6 17. Bxf6 gxf6 18. f5 e5 19. Qxe3 Kg7 20. Qf3 Nd4 21. Qg4+ Kf8 22. Qh4 Ke7 23. Nf3 Bb7 24. Nxd4 Rxd4 25. Qxh6 Bxg2 26. Kxg2 Qc6+ 27. Kg1 Rcd8 28. Qe3 Qd7 29. Rfe1 Qxf5 30. Kg2 Kf8 31. Rf1 Qg5 32. Qf3 R8d6 33. Rfe1 Qg6 34. Re3 Kg7 35. Rde1 Rxd3 36. Rxd3 Qxd3 37. Qg4+ Qg6 38. Qe2 Qd3 39. Qg4+ Qg6 40. Qe2 Qd3 41. Qg4+ 1/2-1/2

[Event "Titled Tuesday intern op 11th Jul Early"]
[Site "Chess.com INT"]
[Date "2023.07.11"]
[Round "1"]
[White "Bornholdt, Joa Max"]
[Black "Levine, David M"]
[Result "1-0"]
[WhiteElo "2265"]
[BlackElo "2040"]
[PlyCount "87"]
[EventDate "2023.07.11"]
[EventType "swiss (blitz)"]
[EventRounds "11"]
[EventCountry "USA"]
[SourceTitle "EXT 2024"]
[Source "ChessBase"]
[SourceDate "2023.10.10"]
[SourceVersion "1"]
[SourceVersionDate "2023.10.10"]
[SourceQuality "1"]

1. e4 e5 2. Nf3 Nc6 3. Bc4 Nf6 4. 0-0 Nxe4 5. Nc3 Nxc3 6. dxc3 Be7 7. Qd5 0-0 8. Nxe5 Nxe5 9. Qxe5 Bf6 10. Qh5 c6 11. Bd3 g6 12. Qf3 d5 13. Re1 Be6 14. Bh6 Re8 15. Re2 Bg7 16. Bf4 Qd7 17. Rae1 h5 18. h3 a5 19. Be5 a4 20. Qf4 a3 21. b3 b5 22. Qd4 Bxe5 23. Rxe5 Qd6 24. R1e3 Bd7 25. Qf4 Rxe5 26. Rxe5 Be6 27. Qf6 Re8 28. Bxg6 Qe7 29. Qxe7 Rxe7 30. Bxh5 Kg7 31. f4 Kf6 32. Kf2 c5 33. Bf3 d4 34. cxd4 cxd4 35. Rxb5 Bf5 36. Rd5 Rc7 37. Bd1 Bxc2 38. Rxd4 Bxd1 39. Rxd1 Rc2+ 40. Kg3 Rxa2 41. Rd6+ Ke7 42. Ra6 f5 43. Kh4 Rxg2 44. Rxa3 1-0

[Event "Titled Tuesday intern op 11th Jul Early"]
[Site "Chess.com INT"]
[Date "2023.07.11"]
[Round "7"]
[White "Mikhaylova, Irina"]
[Black "Levine, David M"]
[Result "1-0"]
[WhiteElo "2216"]
[BlackElo "2040"]
[PlyCount "87"]
[EventDate "2023.07.11"]
[EventType "swiss (blitz)"]
[EventRounds "11"]
[EventCountry "USA"]
[SourceTitle "EXT 2024"]
[Source "ChessBase"]
[SourceDate "2023.10.10"]
[SourceVersion "1"]
[SourceVersionDate "2023.10.10"]
[SourceQuality "1"]

1. Nf3 Nf6 2. c4 e6 3. Nc3 d5 4. d4 dxc4 5. Bg5 a6 6. a4 Nc6 7. e4 h6 8. Bxf6 Qxf6 9. e5 Qd8 10. Bxc4 Bb4 11. 0-0 0-0 12. Rb1 Ne7 13. Qe2 Nd5 14. Nxd5 exd5 15. Bd3 Bg4 16. h3 Bxf3 17. Qxf3 c6 18. Qe3 f5 19. f4 Qe7 20. Kh2 Qe6 21. Rg1 g5 22. Rbf1 gxf4 23. Qxf4 Kh8 24. Bxf5 Bd2 25. Qxd2 Rxf5 26. Rxf5 Qxf5 27. Qxh6+ Kg8 28. Qf6 Qxf6 29. exf6 Kf7 30. Re1 Kxf6 31. g4 Rh8 32. Kg3 Rc8 33. b4 a5 34. bxa5 Ra8 35. h4 Rxa5 36. g5+ Kf7 37. Kg4 Rxa4 38. Kf5 Rxd4 39. g6+ Kf8 40. h5 Rh4 41. Kg5 Rh2 42. h6 Rg2+ 43. Kf6 Rf2+ 44. Ke6 1-0

[Event "Titled Tuesday intern op 11th Jul Early"]
[Site "Chess.com INT"]
[Date "2023.07.11"]
[Round "6"]
[White "Skuhala, Barbara"]
[Black "Levine, David M"]
[Result "1-0"]
[WhiteElo "2200"]
[BlackElo "2040"]
[PlyCount "61"]
[EventDate "2023.07.11"]
[EventType "swiss (blitz)"]
[EventRounds "11"]
[EventCountry "USA"]
[SourceTitle "EXT 2024"]
[Source "ChessBase"]
[SourceDate "2023.10.10"]
[SourceVersion "1"]
[SourceVersionDate "2023.10.10"]
[SourceQuality "1"]

1. e4 e5 2. Nf3 Nc6 3. d4 exd4 4. Bc4 Nf6 5. e5 d5 6. Bb5 Ne4 7. Nxd4 Bc5 8. Bxc6+ bxc6 9. 0-0 Bd7 10. f3 Ng5 11. f4 Ne4 12. Be3 0-0 13. Nd2 Nxd2 14. Qxd2 Bb6 15. f5 c5 16. Ne2 d4 17. Bf2 Bc6 18. Qf4 Qd5 19. Qg3 Rae8 20. f6 g6 21. Nf4 Qxe5 22. Qh4 Kh8 23. Bg3 Rg8 24. Nxg6+ Rxg6 25. Rae1 Qg5 26. Rxe8+ Bxe8 27. Re1 Bd7 28. Re7 Qc1+ 29. Be1 Bc6 30. Rxf7 Rxg2+ 31. Kf1 1-0

[Event "Titled Tuesday intern op 20th Jun Late"]
[Site "Chess.com INT"]
[Date "2023.06.20"]
[Round "3"]
[White "Lalanne, Pablo"]
[Black "Levine, David M"]
[Result "1-0"]
[WhiteElo "2208"]
[BlackElo "2040"]
[PlyCount "63"]
[EventDate "2023.06.20"]
[EventType "swiss (blitz)"]
[EventRounds "11"]
[EventCountry "USA"]
[SourceTitle "EXT 2024"]
[Source "ChessBase"]
[SourceDate "2023.10.10"]
[SourceVersion "1"]
[SourceVersionDate "2023.10.10"]
[SourceQuality "1"]

1. e4 e5 2. Nf3 Nc6 3. Bb5 a6 4. Ba4 Nf6 5. 0-0 Be7 6. Re1 b5 7. Bb3 d6 8. c3 0-0 9. h3 Bb7 10. d4 Re8 11. Nbd2 Bf8 12. a4 h6 13. Bc2 Nb8 14. Bd3 Nbd7 15. axb5 axb5 16. Rxa8 Qxa8 17. Bxb5 exd4 18. cxd4 Bxe4 19. Nxe4 Rxe4 20. Be3 Qd5 21. Qa4 Nb6 22. Qb4 c5 23. Qa5 Nc4 24. Bxc4 Qxc4 25. Nd2 Qd3 26. Nxe4 Nxe4 27. dxc5 dxc5 28. Qa3 Qc2 29. Rc1 Qe2 30. Qa4 c4 31. Qxc4 Qxb2 32. Qxe4 1-0

[Event "Titled Tuesday intern op 16th May Late"]
[Site "Chess.com INT"]
[Date "2023.05.16"]
[Round "2"]
[White "Levine, David M"]
[Black "Gasparyan, Davit"]
[Result "0-1"]
[WhiteElo "2040"]
[BlackElo "2142"]
[PlyCount "84"]
[EventDate "2023.05.16"]
[EventType "swiss (blitz)"]
[EventRounds "11"]
[EventCountry "USA"]
[SourceTitle "CBM 214 Extra"]
[Source "ChessBase"]
[SourceDate "2023.07.31"]
[SourceVersion "1"]
[SourceVersionDate "2023.07.31"]
[SourceQuality "1"]

1. d4 Nf6 2. c4 e6 3. g3 d5 4. Bg2 c6 5. Nf3 Bd6 6. Qc2 0-0 7. 0-0 Nbd7 8. Nbd2 b6 9. e4 dxe4 10. Nxe4 Nxe4 11. Qxe4 Ba6 12. b3 Rc8 13. Bb2 Nf6 14. Qh4 Be7 15. Qf4 b5 16. Ne5 bxc4 17. Nxc4 Nd5 18. Qg4 Bf6 19. Rad1 c5 20. Rfe1 cxd4 21. Bxd4 Bxc4 22. bxc4 Rxc4 23. Bxf6 Rxg4 24. Bxd8 Rxd8 25. f4 h6 26. Re5 Rg6 27. Bxd5 exd5 28. Rexd5 Rxd5 29. Rxd5 Ra6 30. Rd2 f5 31. Kf2 Ra3 32. Ke2 Kf7 33. Kd1 Ke6 34. Kc1 g5 35. fxg5 hxg5 36. Kb2 Re3 37. Rc2 f4 38. gxf4 gxf4 39. a4 f3 40. h4 Re2 41. h5 Rxc2+ 42. Kxc2 f2 0-1

[Event "Titled Tuesday intern op 09th May Early"]
[Site "Chess.com INT"]
[Date "2023.05.09"]
[Round "4"]
[White "Levine, David M"]
[Black "Sai, Han Thiha"]
[Result "0-1"]
[WhiteElo "2040"]
[BlackElo "2070"]
[PlyCount "86"]
[EventDate "2023.05.09"]
[EventType "swiss (blitz)"]
[EventRounds "11"]
[EventCountry "USA"]
[SourceTitle "CBM 214 Extra"]
[Source "ChessBase"]
[SourceDate "2023.07.31"]
[SourceVersion "1"]
[SourceVersionDate "2023.07.31"]
[SourceQuality "1"]

1. d4 Nf6 2. c4 e6 3. g3 Bb4+ 4. Bd2 Qe7 5. Bg2 0-0 6. Nf3 Bxd2+ 7. Nbxd2 d6 8. 0-0 Nc6 9. e3 e5 10. Qb3 Rb8 11. Qc3 e4 12. Ne1 Bf5 13. b4 h5 14. b5 Nd8 15. h4 Ne6 16. Qc2 g5 17. Nxe4 Nxe4 18. Bxe4 Nxd4 19. exd4 Bxe4 20. Qe2 Rbe8 21. Qxh5 gxh4 22. Qxh4 Qe6 23. Qg5+ Bg6 24. Nf3 Qxc4 25. Rac1 Qd3 26. Nh4 Rc8 27. Rc3 Qxd4 28. Nxg6 fxg6 29. Qxg6+ Qg7 30. Qxg7+ Kxg7 31. Re1 Kf7 32. Kg2 Rfe8 33. Rce3 Rxe3 34. Rxe3 Rg8 35. f4 c6 36. bxc6 bxc6 37. Rc3 c5 38. Ra3 Ke6 39. Rxa7 c4 40. Kf3 Kd5 41. g4 c3 42. Ra3 Kd4 43. f5 c2 0-1

[Event "Titled Tuesday intern op 09th May Early"]
[Site "Chess.com INT"]
[Date "2023.05.09"]
[Round "6"]
[White "Llanos, Guillermo"]
[Black "Levine, David M"]
[Result "1-0"]
[WhiteElo "2290"]
[BlackElo "2040"]
[PlyCount "73"]
[EventDate "2023.05.09"]
[EventType "swiss (blitz)"]
[EventRounds "11"]
[EventCountry "USA"]
[SourceTitle "CBM 214 Extra"]
[Source "ChessBase"]
[SourceDate "2023.07.31"]
[SourceVersion "1"]
[SourceVersionDate "2023.07.31"]
[SourceQuality "1"]

1. Nf3 d5 2. g3 Nf6 3. Bg2 e6 4. d3 Be7 5. 0-0 b6 6. c4 Bb7 7. cxd5 exd5 8. d4 0-0 9. Nc3 c5 10. Bg5 Nbd7 11. e3 h6 12. Bxf6 Nxf6 13. Rc1 Re8 14. dxc5 bxc5 15. Qa4 Qb6 16. Qb5 Bc6 17. Qxb6 axb6 18. Rfd1 Red8 19. Ne5 Bb7 20. a3 Bd6 21. Nd3 Bc6 22. Nf4 Bxf4 23. gxf4 Kf8 24. Rd2 Ke7 25. Rcd1 Ke6 26. Nxd5 Bxd5 27. e4 c4 28. exd5+ Kf5 29. Rd4 c3 30. bxc3 Rxa3 31. c4 Rd6 32. Re1 Rc3 33. h3 h5 34. Re7 h4 35. Rxf7 Kg6 36. Re7 Nh5 37. Re5 1-0

[Event "Titled Tuesday intern op 09th May Early"]
[Site "Chess.com INT"]
[Date "2023.05.09"]
[Round "5"]
[White "Melikhov, Evgeny V"]
[Black "Levine, David M"]
[Result "1-0"]
[WhiteElo "2269"]
[BlackElo "2040"]
[PlyCount "85"]
[EventDate "2023.05.09"]
[EventType "swiss (blitz)"]
[EventRounds "11"]
[EventCountry "USA"]
[SourceTitle "CBM 214 Extra"]
[Source "ChessBase"]
[SourceDate "2023.07.31"]
[SourceVersion "1"]
[SourceVersionDate "2023.07.31"]
[SourceQuality "1"]

1. d4 d5 2. c4 dxc4 3. Nf3 Nf6 4. e3 e6 5. Bxc4 c5 6. 0-0 Nc6 7. Qe2 cxd4 8. Rd1 Be7 9. exd4 0-0 10. Nc3 Nb4 11. Bg5 Bd7 12. d5 exd5 13. Bxf6 Bxf6 14. Nxd5 Nxd5 15. Bxd5 Qc8 16. Rac1 Bc6 17. Bxc6 bxc6 18. b3 Qc7 19. Qe4 Rfc8 20. Rc4 Qa5 21. Ra4 Qb5 22. Qc4 a5 23. Rc1 g6 24. h3 Qb6 25. Qc5 Qa6 26. Rac4 Kg7 27. Qd6 Qb5 28. Rxc6 Rxc6 29. Qxc6 Qxc6 30. Rxc6 a4 31. b4 a3 32. b5 Ra5 33. Ra6 Rxb5 34. Rxa3 Rb1+ 35. Kh2 Rb2 36. Kg3 h5 37. Ra7 g5 38. h4 g4 39. Ng5 Bxg5 40. hxg5 Kg6 41. f4 h4+ 42. Kxg4 Rxg2+ 43. Kxh4 1-0

[Event "Titled Tuesday intern op 11th Apr Late"]
[Site "Chess.com INT"]
[Date "2023.04.11"]
[Round "1"]
[White "Martin Carmona, Gaston Manuel"]
[Black "Levine, David M"]
[Result "1-0"]
[WhiteElo "2333"]
[BlackElo "2040"]
[PlyCount "37"]
[EventDate "2023.04.11"]
[EventType "swiss (blitz)"]
[EventRounds "11"]
[EventCountry "USA"]
[SourceTitle "CBM 213 Extra"]
[Source "ChessBase"]
[SourceDate "2023.05.31"]
[SourceVersion "1"]
[SourceVersionDate "2023.05.31"]
[SourceQuality "1"]

1. Nf3 d5 2. d4 Nf6 3. c4 dxc4 4. e3 e6 5. Bxc4 c5 6. 0-0 Nc6 7. dxc5 Qxd1 8. Rxd1 Bxc5 9. a3 Ke7 10. b4 Bd6 11. Bb2 Bd7 12. Nbd2 Rac8 13. Be2 Rhd8 14. Rac1 Bb8 15. Nc4 Be8 16. b5 Rxd1+ 17. Rxd1 Nd8 18. a4 b6 19. Ba3+ 1-0

[Event "Titled Tuesday intern op 04th Apr Late"]
[Site "Chess.com INT"]
[Date "2023.04.04"]
[Round "2"]
[White "Bouget, Alexandre"]
[Black "Levine, David M"]
[Result "1-0"]
[WhiteElo "2270"]
[BlackElo "2040"]
[PlyCount "55"]
[EventDate "2023.04.04"]
[EventType "swiss (blitz)"]
[EventRounds "11"]
[EventCountry "USA"]
[SourceTitle "EXT 2024"]
[Source "ChessBase"]
[SourceDate "2023.10.10"]
[SourceVersion "1"]
[SourceVersionDate "2023.10.10"]
[SourceQuality "1"]

1. Nc3 d5 2. e4 d4 3. Nce2 c5 4. d3 Nc6 5. f4 Nf6 6. Nf3 Bg4 7. c3 Bxf3 8. gxf3 e5 9. fxe5 Nxe5 10. Ng3 h5 11. Be2 h4 12. Nf1 Qb6 13. f4 Nc6 14. Nd2 0-0-0 15. Nc4 Qc7 16. Bf3 b5 17. Na3 a6 18. c4 b4 19. Nc2 Bd6 20. 0-0 Kb8 21. e5 Nxe5 22. fxe5 Bxe5 23. Qe2 Rde8 24. b3 g5 25. a3 g4 26. Bh1 Bg3 27. Qg2 Nh5 28. Qa8# 1-0

[Event "Titled Tuesday intern op 04th Apr Late"]
[Site "Chess.com INT"]
[Date "2023.04.04"]
[Round "1"]
[White "Levine, David M"]
[Black "Jimenez Almeida, Luis David"]
[Result "0-1"]
[WhiteElo "2040"]
[BlackElo "2241"]
[PlyCount "62"]
[EventDate "2023.04.04"]
[EventType "swiss (blitz)"]
[EventRounds "11"]
[EventCountry "USA"]
[SourceTitle "EXT 2024"]
[Source "ChessBase"]
[SourceDate "2023.10.10"]
[SourceVersion "1"]
[SourceVersionDate "2023.10.10"]
[SourceQuality "1"]

1. d4 g6 2. g3 Bg7 3. Bg2 f5 4. Nf3 Nf6 5. 0-0 0-0 6. c4 d6 7. Nc3 Nc6 8. d5 Ne5 9. Nxe5 dxe5 10. e4 f4 11. gxf4 exf4 12. Bxf4 Nxe4 13. Nxe4 Rxf4 14. Rb1 Bg4 15. Qb3 b6 16. Rbe1 Kh8 17. Ng5 Qd6 18. Ne6 Bxe6 19. Rxe6 Qd7 20. Qe3 Rf7 21. b3 Re8 22. Bh3 Qd8 23. f4 c5 24. Qe4 Ref8 25. f5 gxf5 26. Rxf5 Bd4+ 27. Kh1 Rg8 28. Bg2 Rfg7 29. Rh5 Qf8 30. h4 Qf2 31. Rxh7+ Rxh7 0-1

[Event "Titled Tuesday intern op 04th Apr Early"]
[Site "Chess.com INT"]
[Date "2023.04.04"]
[Round "7"]
[White "Levine, David M"]
[Black "Simonovic, Miroslav"]
[Result "1-0"]
[WhiteElo "2040"]
[BlackElo "2097"]
[PlyCount "69"]
[EventDate "2023.04.04"]
[EventType "swiss (blitz)"]
[EventRounds "11"]
[EventCountry "USA"]
[SourceTitle "EXT 2024"]
[Source "ChessBase"]
[SourceDate "2023.10.10"]
[SourceVersion "1"]
[SourceVersionDate "2023.10.10"]
[SourceQuality "1"]

1. d4 Nf6 2. c4 c5 3. d5 b5 4. Qc2 bxc4 5. e4 d6 6. Na3 g6 7. Nxc4 Nbd7 8. Nf3 Bg7 9. Be2 0-0 10. 0-0 Ba6 11. Rb1 Bxc4 12. Bxc4 Ng4 13. b3 Nge5 14. Nxe5 Nxe5 15. Bb2 Qa5 16. Bc3 Nf3+ 17. gxf3 Bxc3 18. f4 Bd4 19. Rbd1 Kg7 20. Rd3 f5 21. Qe2 fxe4 22. Qxe4 Qc7 23. Re1 Rf7 24. Rg3 Raf8 25. Rg4 Qd7 26. h3 Kh8 27. Kg2 a5 28. Re2 Bf6 29. a4 Qf5 30. Bb5 h5 31. Rxg6 Qxe4+ 32. Rxe4 Kh7 33. f5 Bg7 34. Rg5 Kh6 35. h4 1-0

[Event "Titled Tuesday intern op 04th Apr Early"]
[Site "Chess.com INT"]
[Date "2023.04.04"]
[Round "4"]
[White "Levine, David M"]
[Black "Wafa, Hamed"]
[Result "0-1"]
[WhiteElo "2040"]
[BlackElo "2042"]
[PlyCount "82"]
[EventDate "2023.04.04"]
[EventType "swiss (blitz)"]
[EventRounds "11"]
[EventCountry "USA"]
[SourceTitle "EXT 2024"]
[Source "ChessBase"]
[SourceDate "2023.10.10"]
[SourceVersion "1"]
[SourceVersionDate "2023.10.10"]
[SourceQuality "1"]

1. d4 Nf6 2. c4 e6 3. g3 d5 4. Bg2 Bb4+ 5. Bd2 Be7 6. Nf3 0-0 7. 0-0 c6 8. Qc2 Nbd7 9. Rd1 b6 10. Bf4 Ba6 11. b3 Rc8 12. Nbd2 c5 13. dxc5 Nxc5 14. Rac1 Bb7 15. Qb2 Qe8 16. Be5 Ncd7 17. Bd4 Bd6 18. Ne5 Nxe5 19. Bxe5 Bxe5 20. Qxe5 Qe7 21. cxd5 Bxd5 22. e4 Bb7 23. Nc4 Rfd8 24. h3 b5 25. Na5 Rxd1+ 26. Rxd1 Ba8 27. Qxb5 Bxe4 28. Bxe4 Nxe4 29. Qe5 Nc3 30. Re1 h6 31. Nc4 Nxa2 32. Ra1 Nb4 33. Qb5 Nd5 34. Qa4 Rb8 35. Na5 Qc5 36. Nc6 Ra8 37. Nxa7 Nc3 38. Qa6 Ne2+ 39. Kf1 Nd4 40. Qb7 Rd8 41. Nc6 Nxc6 0-1